|
|
|
|
| LEADER |
01201nam a2200265 a 4500 |
| 001 |
00021477 |
| 003 |
BD-DhAAL |
| 005 |
20251224190108.0 |
| 008 |
101107s2009 bg a 000 0 eng d |
| 040 |
|
|
|a BD-DhAAL
|c BD-DhAAL
|
| 082 |
0 |
0 |
|a 512
|2 22
|
| 100 |
1 |
|
|a Rahman, Md. Abdur.
|9 3563
|
| 245 |
1 |
0 |
|a College linear algebra :
|b theory of matrices with applications/
|c Md. Abdur Rahman.
|
| 250 |
|
|
|a Sixth edition.
|
| 260 |
|
|
|a Dhaka :
|b Nahar Book Depot,
|c 2009.
|
| 300 |
|
|
|a 814 pages :
|b illustrations ;
|c 20 cm.
|
| 541 |
1 |
|
|e 00021475
|
| 650 |
|
0 |
|a Algebra.
|
| 650 |
|
0 |
|a Mathematics.
|
| 852 |
4 |
|
|a Ayesha Abed Library
|j General shelf
|
| 942 |
0 |
0 |
|0 1
|2 ddc
|c BK
|
| 999 |
|
|
|c 10042
|d 10042
|
| 952 |
|
|
|0 0
|1 0
|2 ddc
|4 0
|6 512_RAH_200900000000000
|7 0
|9 13176
|a BRACUL
|b BRACUL
|c GEN
|d 2010-11-07
|l 28
|m 152
|o 512 RAH
|p 3010021475
|r 2025-08-28
|s 2025-08-23
|t 1
|w 2010-11-07
|y BK
|
| 952 |
|
|
|0 0
|1 0
|2 ddc
|4 0
|6 512_RAH_200900000000000
|7 0
|9 13177
|a BRACUL
|b BRACUL
|c GEN
|d 2010-11-07
|l 27
|m 134
|o 512 RAH
|p 3010021476
|r 2025-07-27
|s 2025-07-24
|t 2
|w 2010-11-07
|y BK
|
| 952 |
|
|
|0 0
|1 4
|2 ddc
|4 0
|6 512_000000000000000_RAH
|7 0
|9 13178
|a BRACUL
|b BRACUL
|c GEN
|d 2010-11-07
|l 21
|m 157
|o 512 RAH
|p 3010021477
|r 2015-08-17
|s 2015-06-20
|t 3
|w 2010-11-07
|y BK
|x Koha Inventory 2020
|